Представление документа в формате RUSMARC

ПолеНазваниеЗначение
  Тип записи a
  Библиографический уровень m
001 Контрольный номер RU/IS/BASE/535045884
005 Дата корректировки 20240329104317.1
010 Индекс ISBN __
d Цена 50 к.
9 Тираж 25 000 экз.
100 Данные общей обработки __
a Данные общей обработки 2024032 d1987 |||y0rusy0189 ca
101 Язык документа 0_
a Язык текста rus
102 Страна публикации __
a Страна публикации RU
105 Кодированные данные (монография) __
a Кодированные данные (монография) y###||||000|y
200 Заглавие и сведения об ответственности 1_
a Заглавие Русские книжники
b Общее обозначение материала Текст
f Первые сведения об ответственности А. Г. Глухов
g Последующие сведения об ответственности предисл. О. Ласунского
g Последующие сведения об ответственности Всесоюзное добровольное общество любителей книг
210 Выходные данные 1_
a Место издания Москва
c Издательство Книга
d Дата издания 1987
215 Физическое описание __
a Объем 267, [4] с.
c Иллюстрации/тип воспроизводства ил.
d Формат 17 см.
606 Тематические рубрики 0_
a Основная рубрика Общее книговедение
610 Ключевые слова 0_
a Ключевые слова книги
a Ключевые слова книговедение
a Ключевые слова книги древнерусские
686 Индексы других классификаций __
a Классификационный индекс 76.1
2 Код системы rubbk
700 Автор _0
a Фамилия Глухов
b Имя (инициалы) Алексей Гаврилович
g Полное личное имя А. Г.
4 Код отношения 070
702 Вторичная интеллектуальная ответственность _1
a Фамилия Ласунский
b Имя (инициалы) О.
4 Код отношения 080
712 Наименование организации (Вторичная ответственность) 02
5 Наименование организации Всесоюзное добровольное общество любителей книг
4 Код отношения 570
801 Источник записи _0
a Страна RU
b Организация RuCBSGrad
c Дата составления 20240329
g Правила каталогизации RCR
801 Источник записи _1
a Страна RU
b Организация RuCBSGrad
c Дата составления 20240329
g Правила каталогизации RCR
852 Данные о местонахождении __
a Наименование организации МБУК "ЦБС г. Димитровграда!
z Тип записи R
899 Данные о местонахождении __
i Авторский знак Г 55
901 Тип документа __
t Тип документа m
909 Создатель записи __
a Создатель записи Тенигина
b Дата создания записи 20240329